000 00724nam a2200241Ia 4500
003 OSt
005 20220925214705.0
006 a|||||r|||| 00| 0
007 ta
008 220923b |||||||| |||| 00| 0 eng d
037 _cGeneral Book
040 _aRTL
_cRTL
_beng
041 _2eng
_aeng
082 _aW:77.3.N7, L3
100 _aLow D A
_931304
245 0 _aLion rampant
_b Essays in the study of British imper
260 _aLondon
_bFrank Cass
_c1973
300 _ax,230p
_ccm.
490 _aStudies in Commonwealth Politics and History Ed by W H Morris Jones and Dennis Austin.1
650 _aImperialism
942 _hW:77.3.N7, L3
_cGB
_2CC
999 _c566282
_d566282